| 000 -LEADER |
| fixed length control field |
00605nam a22001217a 4500 |
| 040 ## - CATALOGING SOURCE |
| Transcribing agency |
RUA |
| 082 ## - DEWEY DECIMAL CLASSIFICATION NUMBER |
| Classification number |
DVM SUM 2025 B707 Or.1 |
| 100 ## - MAIN ENTRY--AUTHOR NAME |
| Personal name |
SUM SAMEAS, ស៊ុម សាមាស |
| 245 ## - TITLE STATEMENT |
| Title |
Case Of parvovirus at animal clinic in sangkat ou baek kam, khan sensok, phnom penh, ករណីជំងឺរាកឈាម PARVOVIRUS នៅគ្លីនិកសត្វ ក្នុងសង្កាត់អូរបែកក្អម ខណ្ឌសែនសុខ រាជធានីភ្នំពេញ |
| 260 ## - PUBLICATION, DISTRIBUTION, ETC. (IMPRINT) |
| Place of publication |
PHNOM PENH |
| Name of publisher |
RUA |
| Year of publication |
2025 |
| 300 ## - PHYSICAL DESCRIPTION |
| Number of Pages |
viii, 37p. |
| Other physical details |
ill. |
| Dimensions |
29cm. |
| 942 ## - ADDED ENTRY ELEMENTS (KOHA) |
| Koha item type |
MGR |
| 952 ## - LOCATION AND ITEM INFORMATION (KOHA) |
| Withdrawn status [LOCAL, KOHA] |
0 |
| 952 ## - LOCATION AND ITEM INFORMATION (KOHA) |
| Withdrawn status [LOCAL, KOHA] |
0 |